000 00668nam a2200253Ia 4500
003 OSt
005 20221006142515.0
006 a|||||r|||| 00| 0
007 ta
008 221006b |||||||| |||| 00| 0 eng d
020 _c755.05
024 _a6,491
037 _cTextual
040 _aEASL
_cEASL
_beng
041 _2eng
_aeng
082 _aY:f, M1
100 _aNACHMIAS David
245 0 _aResearch methods in the social science
260 _aNew York
_bSt. Martin's Press
_c1981
300 _a585p.
_ccm.
700 _a NACHMIAS Chava
_991783
942 _hY:f, M1
_cTEXL
_2CC
999 _c1074577
_d1074577